25 estudios de folklore : homenaje a Vicente T. Mendoza y Virginia Rodríguez Rivera /

Vicente T. Mendoza y Virginia Rodríguez Rivera elevaron los estudios de folklore en México a la más alta categoría con base científica. Como homenaje se han compilado en este volumen varios estudios relacionados con el folklore de diferentes países latinoamericanos.

Guardado en:
Bibliografiske detaljer
Hovedforfatter: Fernández, Justino (prólogo)
Format: Bog
Sprog:spansk
Udgivet: México : UNAM, Instituto de Investigaciones Estéticas, 1971, c1971
Serier:(Estudios de Folklore ; 4)
Fag:
Tags: Tilføj Tag
Ingen Tags, Vær først til at tagge denne postø!

MARC

LEADER 00000nam^a2200000^a^4500
001 000120958
005 20250521000000.0
009 20260310094409.572
037 |a Acervo ITESO - Biblioteca 
041 |a ESP 
082 |a 398.  |b FER 
100 |a Fernández, Justino  |e (prólogo) 
245 1 0 |a 25 estudios de folklore :  |b homenaje a Vicente T. Mendoza y Virginia Rodríguez Rivera /  |c Pról. de J. Fernández. 
264 4 |a México :  |b UNAM, Instituto de Investigaciones Estéticas,  |c 1971, c1971 
300 |a 394 p. 
336 |a texto  |b txt  |2 rdacontenido 
337 |a sin mediación  |b n  |2 rdamedio 
338 |a volumen  |b nc  |2 rdasoporte 
440 1 |a (Estudios de Folklore ;  |v 4) 
520 |a Vicente T. Mendoza y Virginia Rodríguez Rivera elevaron los estudios de folklore en México a la más alta categoría con base científica. Como homenaje se han compilado en este volumen varios estudios relacionados con el folklore de diferentes países latinoamericanos. 
649 |a XX 
650 |a Folklore -  |x Teoría 
650 |a Personajes Históricos Argentinos 
650 |a Leyendas Argentinas -  |x Historia y Crítica 
650 |a Literatura Popular -  |z Argentina 
650 |a Poesía Brasileña 
650 |a Literatura Popular -  |x Historia y Crítica 
650 |a Corridos (Música) -  |x Historia y Crítica 
650 |a Música Folklórica -  |z México 
650 |a Música Mexicana -  |x Historia y Crítica 
650 |a Cofradías -  |z México 
650 |a Culto Religioso -  |z México 
650 |a Religión -  |z México 
650 |a Música Venezolana -  |x Historia y Crítica 
650 |a Vivienda -  |z Venezuela 
650 |a Indígenas de América Central -  |z Guatemala 
650 |a Vestido -  |z Guatemala 
650 |a Diseño Textil -  |z Guatemala 
650 |a Arte Popular 
650 |a Arte Guatemalteco -  |x Historia y Crítica 
650 |a Misa -  |z Ecuador 
650 |a Culto Religioso -  |z Ecuador 
650 |a Fiestas Religiosas -  |z Ecuador 
650 |a Religión -  |z Ecuador 
650 |a Juegos Educativos 
650 |a Refranes 
650 |a Literatura Folklórica 
910 |a Fondo Salvador Reynoso Reynoso 
920 |a Impresos - Libros 
930 |a Fondos Especiales 
905 |a 112 
901 |a 0800005880  |b IT2  |c ESP  |u 20250521 
902 |a https://opac.biblio.iteso.mx/vufind/Record/000120958